[Event "Senior DM 2018"]
[Site "Hvidovre"]
[Date "2018.02.17"]
[Round "1"]
[White "Grafmoller, Torben"]
[Black "Stentebjerg Hansen, Per"]
[Result "0-1"]
[WhiteElo "1883"]
[BlackElo "2261"]
[PlyCount "64"]
[EventDate "2018.02.12"]
[EventCountry "DEN"]

1. Nf3 d5 2. g3 g6 3. Bg2 Bg7 4. O-O Nf6 5. d3 O-O 6. Nbd2 Re8 7. e4 e5 8. Qe2
Nc6 9. c3 h6 10. h3 Be6 11. Nh2 Qd7 12. g4 Rad8 13. Nb3 b6 14. f4 dxe4 15. dxe4
exf4 16. Bxf4 Qe7 17. Qb5 Nb8 18. Rfe1 c5 19. Qf1 Rd7 20. Rad1 Red8 21. Qe2 Kh7
22. Kh1 Ne8 23. Nf1 Nc6 24. Ne3 Ne5 25. Rxd7 Rxd7 26. Rd1 Nd6 27. Qe1 Qd8 28.
Nd5 Ndc4 29. Qe2 Nd6 30. Qd2 Qh4 31. Qe2 Bxg4 32. Qe1 Qh5 0-1

[Event "Senior DM 2018"]
[Site "Hvidovre"]
[Date "2018.02.17"]
[Round "1"]
[White "Lindestrom, Torsten"]
[Black "Baliuniene, Margarita"]
[Result "1-0"]
[WhiteElo "2194"]
[BlackElo "1881"]
[PlyCount "45"]
[EventDate "2018.02.12"]
[EventCountry "DEN"]

1. d4 d5 2. Nf3 Nf6 3. c4 e6 4. g3 dxc4 5. Qa4+ Bd7 6. Qxc4 Bc6 7. Bg2 Qd5 8.
Qc2 Bb4+ 9. Nc3 O-O 10. O-O Qh5 11. Bf4 Bd6 12. Bd2 Nbd7 13. e4 Ng4 14. h3 Nh6
15. d5 exd5 16. exd5 Bxd5 17. Ng5 g6 18. Nxd5 Nf5 19. g4 Qh4 20. gxf5 c6 21.
Qe4 Qh6 22. Ne7+ Bxe7 23. Qxe7 1-0

[Event "Senior DM 2018"]
[Site "Hvidovre"]
[Date "2018.02.17"]
[Round "1"]
[White "Kopperberg, Steen"]
[Black "Lilja, Richard"]
[Result "1/2-1/2"]
[WhiteElo "1874"]
[BlackElo "2086"]
[PlyCount "54"]
[EventDate "2018.02.12"]
[EventCountry "DEN"]

1. d4 g6 2. Nf3 Bg7 3. c3 Nf6 4. Bf4 b6 5. e3 O-O 6. Nbd2 Bb7 7. Bd3 d6 8. Qc2
Nbd7 9. O-O c5 10. e4 cxd4 11. cxd4 Nh5 12. Be3 Rc8 13. Qa4 a6 14. Rac1 b5 15.
Rxc8 Qxc8 16. Qb3 Nb6 17. Nb1 Nc4 18. Rc1 Qa8 19. Bxc4 bxc4 20. Qxc4 Bxe4 21.
Nbd2 Bf5 22. Qc6 Qb8 23. Nb3 Bd3 24. Qc7 e5 25. Qxb8 Rxb8 26. dxe5 dxe5 27. h3
Be4 1/2-1/2

[Event "Senior DM 2018"]
[Site "Hvidovre"]
[Date "2018.02.17"]
[Round "1"]
[White "Schultz Pedersen, Jesper"]
[Black "Rosenberg, Jan"]
[Result "1/2-1/2"]
[WhiteElo "2068"]
[BlackElo "1852"]
[PlyCount "94"]
[EventDate "2018.02.12"]
[EventCountry "DEN"]

1. e4 c5 2. b4 e6 3. bxc5 Bxc5 4. d4 Be7 5. Bd3 Nc6 6. c3 Qa5 7. Ne2 d5 8. e5
h5 9. O-O g6 10. a4 a6 11. Nd2 Qc7 12. Nb3 Bd7 13. Ba3 Bxa3 14. Rxa3 Nge7 15.
Qa1 Nf5 16. Rb1 Rd8 17. Qb2 Bc8 18. Nd2 Qe7 19. Rb3 Rd7 20. Rb6 Rc7 21. c4 Nd8
22. Bxf5 gxf5 23. cxd5 exd5 24. Nf4 Be6 25. Nf3 h4 26. h3 Rg8 27. Rd6 Rd7 28.
Qb6 Rh8 29. Rc1 Nc6 30. Rxd7 Qxd7 31. Ne1 Ke7 32. Qc5+ Ke8 33. Nc2 Qe7 34. Ne3
Qxc5 35. Rxc5 Rh6 36. Nexd5 Nxd4 37. Nf6+ Kd8 38. Rc3 Nc6 39. Rd3+ Kc8 40. Nxe6
fxe6 41. f4 Rh8 42. Rd6 Rd8 43. Rxe6 Nd4 44. Rb6 Ne2+ 45. Kf2 Nxf4 46. e6 Ng6
47. Rb2 Rd4 1/2-1/2

[Event "Senior DM 2018"]
[Site "Hvidovre"]
[Date "2018.02.17"]
[Round "1"]
[White "Matras, Ove"]
[Black "Hald, Jens Erik Kofoed"]
[Result "1/2-1/2"]
[WhiteElo "1781"]
[BlackElo "1983"]
[PlyCount "82"]
[EventDate "2018.02.12"]
[EventCountry "DEN"]

1. e4 c5 2. Nf3 g6 3. Bc4 Bg7 4. c3 e6 5. O-O Ne7 6. d4 cxd4 7. cxd4 d5 8. Bb5+
Nbc6 9. e5 Bd7 10. Nc3 O-O 11. h4 Rc8 12. h5 Na5 13. Bd3 Nc4 14. Ne2 Qe8 15. b3
Na5 16. Ba3 Nac6 17. Qd2 a6 18. Qg5 f6 19. Qg3 fxe5 20. dxe5 Rxf3 21. gxf3 Nxe5
22. Rad1 Nxd3 23. Rxd3 Nf5 24. Qg5 Bb5 25. Qd2 Bxd3 26. Qxd3 Qd8 27. f4 Qh4 28.
hxg6 Qg4+ 29. Kh2 hxg6 30. Rg1 Qh5+ 31. Kg2 Kf7 32. Kf1 Rh8 33. Qc2 Qh3+ 34.
Ke1 Re8 35. Qc7+ Ne7 36. Qxb7 Qd3 37. Rg3 Qb1+ 38. Nc1 Bb2 39. Bxb2 Qxb2 40.
Nd3 Qb1+ 41. Ke2 Qc2+ 1/2-1/2

[Event "Senior DM 2018"]
[Site "Hvidovre"]
[Date "2018.02.17"]
[Round "1"]
[White "Hansen, Lars Henrik Bech"]
[Black "Jorgensen, Orla Eilegaard"]
[Result "1/2-1/2"]
[WhiteElo "1972"]
[BlackElo "1580"]
[PlyCount "71"]
[EventDate "2018.02.12"]
[EventCountry "DEN"]

1. e4 c5 2. Nf3 Nf6 3. e5 Nd5 4. c3 d6 5. Bc4 Nc7 6. O-O b5 7. Bb3 dxe5 8. Nxe5
e6 9. a4 Bd6 10. Qe2 O-O 11. axb5 Nxb5 12. Qxb5 Bxe5 13. Qxc5 Bd6 14. Qh5 Ba6
15. c4 Qc7 16. d3 Bb7 17. Nc3 g6 18. Qh3 Nc6 19. Bh6 Rfe8 20. Ne4 Be5 21. Rab1
Nd4 22. Ba4 Bxe4 23. Bxe8 Bf5 24. Bxf7+ Kxf7 25. g4 Ne2+ 26. Kg2 Qc6+ 27. f3
Bxd3 28. Rbd1 Bxc4 29. Rfe1 Bf4 30. Ra1 a6 31. Rxe2 Bxh6 32. Qxh6 Bxe2 33.
Qxh7+ Kf6 34. Qh4+ Kf7 35. Qh7+ Kf6 36. Qh4+ 1/2-1/2

[Event "Senior DM 2018"]
[Site "Hvidovre"]
[Date "2018.02.17"]
[Round "1"]
[White "Hein, Jacob"]
[Black "Morkore, Thomas"]
[Result "0-1"]
[WhiteElo "1447"]
[BlackElo "1910"]
[PlyCount "62"]
[EventDate "2018.02.12"]
[EventCountry "DEN"]

1. d4 Nf6 2. Nf3 c5 3. d5 b5 4. Bg5 Qb6 5. Nc3 b4 6. Na4 Qa5 7. c3 Ne4 8. Qb3
d6 9. Bd2 Nxd2 10. Nxd2 Bd7 11. cxb4 cxb4 12. Nc4 Qxa4 13. e4 g6 14. Bd3 Bg7
15. Bc2 Qxb3 16. axb3 a6 17. Nb6 Ra7 18. Nxd7 Nxd7 19. Ra2 O-O 20. O-O Rc8 21.
Bd3 Nc5 22. Rc1 Rac7 23. Bc4 Nxb3 24. Rxa6 Nxc1 25. Rc6 Rxc6 26. dxc6 Rxc6 27.
Bd5 Rc2 28. b3 Nxb3 29. Kf1 Nc5 30. Ke1 e6 31. Kd1 Rxf2 0-1

[Event "Senior DM 2018"]
[Site "Hvidovre"]
[Date "2018.02.17"]
[Round "2"]
[White "Morkore, Thomas"]
[Black "Larsen, Peter"]
[Result "0-1"]
[WhiteElo "1910"]
[BlackElo "2268"]
[PlyCount "62"]
[EventDate "2018.02.12"]
[EventCountry "DEN"]

1. Nf3 g6 2. c4 Bg7 3. g3 e5 4. Nc3 Nc6 5. Bg2 f5 6. O-O d6 7. d3 Nf6 8. Rb1
O-O 9. b4 Qe8 10. Nd5 Nxd5 11. cxd5 Nd8 12. Qc2 Rf7 13. Bd2 h6 14. b5 g5 15.
Ba5 b6 16. Bc3 Bf6 17. a4 a5 18. Nd2 Rg7 19. Qb2 Qg6 20. e3 g4 21. e4 Nf7 22.
Rbc1 Bg5 23. Rc2 f4 24. Rd1 Bb7 25. d4 f3 26. Bf1 Re8 27. Bd3 Bxd5 28. dxe5
Nxe5 29. Bxe5 Rxe5 30. Nxf3 gxf3 31. exd5 Qxd3 0-1

[Event "Senior DM 2018"]
[Site "Hvidovre"]
[Date "2018.02.17"]
[Round "2"]
[White "Lilja, Richard"]
[Black "Matras, Ove"]
[Result "1-0"]
[WhiteElo "2086"]
[BlackElo "1781"]
[PlyCount "61"]
[EventDate "2018.02.12"]
[EventCountry "DEN"]

1. e4 c6 2. d3 g6 3. g3 Bg7 4. Bg2 d5 5. Nd2 e5 6. Ngf3 Nd7 7. O-O Ne7 8. Re1
O-O 9. Nf1 d4 10. h4 Re8 11. N1h2 f5 12. exf5 gxf5 13. c3 dxc3 14. Qb3+ Nd5 15.
bxc3 Qb6 16. Qc2 Nf8 17. Rb1 Qc7 18. Qb3 h6 19. c4 Nf6 20. Bb2 N8d7 21. Bh3 Nc5
22. Qa3 Nxd3 23. Qxd3 e4 24. Qd2 exf3 25. Bxf6 Rxe1+ 26. Rxe1 Bxf6 27. Qxh6 Qf7
28. Nxf3 Be6 29. Ng5 Bxg5 30. Qxg5+ Kh8 31. Qh6+ 1-0

[Event "Senior DM 2018"]
[Site "Hvidovre"]
[Date "2018.02.17"]
[Round "2"]
[White "Hald, Jens Erik Kofoed"]
[Black "Kopperberg, Steen"]
[Result "1-0"]
[WhiteElo "1983"]
[BlackElo "1874"]
[PlyCount "89"]
[EventDate "2018.02.12"]
[EventCountry "DEN"]

1. e4 e6 2. d3 d5 3. Nd2 dxe4 4. dxe4 Bd7 5. Ngf3 Bc6 6. Bc4 Nf6 7. Qe2 Be7 8.
O-O Nbd7 9. Nd4 Ne5 10. Nxc6 Nxc6 11. Nf3 Nd4 12. Nxd4 Qxd4 13. e5 Nd7 14. Re1
Nb6 15. Bd3 Rd8 16. Rd1 c6 17. Kh1 Qh4 18. g3 Qh3 19. Be3 O-O 20. Qf3 Na4 21.
b3 Nc3 22. Bf1 Rxd1 23. Rxd1 Qf5 24. Qxf5 exf5 25. Rd7 Nd5 26. Bxa7 Ba3 27.
Rxb7 g6 28. c4 Nc3 29. Bd4 Ne4 30. Kg1 c5 31. Be3 h5 32. f3 Nc3 33. Ra7 Bb4 34.
a3 Nd1 35. Bh6 Bc3 36. Bxf8 Kxf8 37. f4 Ne3 38. Kf2 Bd4 39. Ke2 Ng4 40. h3 Nf2
41. Bg2 Ne4 42. Bxe4 fxe4 43. a4 f5 44. a5 g5 45. a6 1-0

[Event "Senior DM 2018"]
[Site "Hvidovre"]
[Date "2018.02.17"]
[Round "2"]
[White "Rosenberg, Jan"]
[Black "Hansen, Lars Henrik Bech"]
[Result "1/2-1/2"]
[WhiteElo "1852"]
[BlackElo "1972"]
[PlyCount "59"]
[EventDate "2018.02.12"]
[EventCountry "DEN"]

1. d4 g6 2. Nf3 Bg7 3. c3 b6 4. e4 Bb7 5. Bd3 d6 6. Qe2 Nd7 7. O-O Ngf6 8. h3
O-O 9. Bf4 Nh5 10. Bh2 Bh6 11. Na3 Nf4 12. Bxf4 Bxf4 13. Nc2 e5 14. g3 Bh6 15.
Ne3 Qe7 16. dxe5 dxe5 17. Ng4 Bg7 18. Rad1 a5 19. Rfe1 Rad8 20. Bc2 h5 21. Ne3
Bc8 22. Nd5 Qd6 23. Qe3 Nf6 24. Nxf6+ Qxf6 25. Kg2 Rfe8 26. Bb3 Be6 27. Bxe6
Qxe6 28. b3 a4 29. c4 axb3 30. axb3 1/2-1/2

[Event "Senior DM 2018"]
[Site "Hvidovre"]
[Date "2018.02.17"]
[Round "2"]
[White "Johansen, Johnny Holler"]
[Black "Hein, Jacob"]
[Result "1-0"]
[WhiteElo "1904"]
[BlackElo "1447"]
[PlyCount "49"]
[EventDate "2018.02.12"]
[EventCountry "DEN"]

1. e4 b6 2. d4 Bb7 3. Nc3 e6 4. Nf3 Be7 5. Bd3 Nc6 6. a3 h6 7. O-O Bg5 8. Qe2
Bxc1 9. Raxc1 g5 10. d5 Nce7 11. dxe6 fxe6 12. Rfd1 Ng6 13. g3 Qf6 14. Nb5 Ke7
15. Nbd4 g4 16. e5 Qf7 17. Nd2 h5 18. Qe3 Rh6 19. Ne4 Kf8 20. Nf6 Kg7 21. Be4
d5 22. exd6 Nxf6 23. Bxb7 Rf8 24. Nxe6+ Kh7 25. Ng5+ 1-0

[Event "Senior DM 2018"]
[Site "Hvidovre"]
[Date "2018.02.17"]
[Round "2"]
[White "Baliuniene, Margarita"]
[Black "Grafmoller, Torben"]
[Result "1-0"]
[WhiteElo "1881"]
[BlackElo "1883"]
[PlyCount "63"]
[EventDate "2018.02.12"]
[EventCountry "DEN"]

1. d4 d5 2. Nf3 Nf6 3. c4 c6 4. e3 a6 5. a4 e6 6. Nc3 a5 7. Bd3 Na6 8. O-O Nb4
9. Bb1 Be7 10. e4 dxe4 11. Nxe4 Nxe4 12. Bxe4 O-O 13. Be3 Bf6 14. Ne5 Bg5 15.
Qg4 h6 16. f4 Be7 17. f5 Bg5 18. Qf3 Bxe3+ 19. Qxe3 exf5 20. Bb1 Re8 21. Qf2 c5
22. Nf3 cxd4 23. Nxd4 g6 24. Ra3 Be6 25. Rg3 Kh7 26. Nxf5 Bxc4 27. Nxh6 Re2 28.
Qf4 Qb6+ 29. Kh1 Qe6 30. Nxf7 Re1 31. Qh4+ Kg8 32. Qh8# 1-0

[Event "Senior DM 2018"]
[Site "Hvidovre"]
[Date "2018.02.17"]
[Round "3"]
[White "Larsen, Peter"]
[Black "Stentebjerg Hansen, Per"]
[Result "0-1"]
[WhiteElo "2268"]
[BlackElo "2261"]
[PlyCount "94"]
[EventDate "2018.02.12"]
[EventCountry "DEN"]

1. e4 c6 2. Nf3 d5 3. Nc3 g6 4. d4 Bg7 5. h3 dxe4 6. Nxe4 Nf6 7. Nxf6+ Bxf6 8.
Bh6 c5 9. c3 cxd4 10. Nxd4 Nc6 11. Nxc6 Qxd1+ 12. Rxd1 bxc6 13. Bc4 Rg8 14. O-O
g5 15. g4 Rg6 16. f4 Rxh6 17. fxg5 Rxh3 18. gxf6 Rg3+ 19. Kh2 Rxg4 20. Rfe1 e6
21. Re3 Bd7 22. Be2 Rg6 23. Red3 O-O-O 24. Bf3 Rdg8 25. Be4 Rxf6 26. Rg3 Rxg3
27. Kxg3 h6 28. Rh1 Kc7 29. Rh5 Rf1 30. Rxh6 f5 31. Bc2 e5 32. Rh7 e4 33. Rf7
Rf3+ 34. Kg2 Kd6 35. Bb3 Rd3 36. Rf6+ Ke5 37. Rf7 Kf4 38. Kf2 Be8 39. Rh7 Bg6
40. Rh4+ Kg5 41. Rh8 Bh5 42. Ke1 e3 43. Rg8+ Kf4 44. Rg2 Bf3 45. Bc2 Rd8 46.
Rh2 Kg3 47. Rh7 Rd2 0-1

[Event "Senior DM 2018"]
[Site "Hvidovre"]
[Date "2018.02.17"]
[Round "3"]
[White "Lindestrom, Torsten"]
[Black "Hald, Jens Erik Kofoed"]
[Result "1-0"]
[WhiteElo "2194"]
[BlackElo "1983"]
[PlyCount "115"]
[EventDate "2018.02.12"]
[EventCountry "DEN"]

1. d4 d6 2. Nf3 Nf6 3. g3 g6 4. Bg2 Bg7 5. O-O O-O 6. c4 Nbd7 7. Nc3 Re8 8. e4
e5 9. d5 Nc5 10. Qc2 a5 11. Ne1 Nh5 12. Nd3 Nxd3 13. Qxd3 f5 14. f3 b6 15. b3
Rf8 16. Bd2 Nf6 17. a3 fxe4 18. fxe4 Bg4 19. b4 axb4 20. axb4 Qd7 21. Nb5 h5
22. Bg5 Rxa1 23. Rxa1 Ne8 24. Ra7 Kh7 25. c5 bxc5 26. bxc5 Bh3 27. cxd6 Bxg2
28. Kxg2 Nxd6 29. Nxd6 Qxd6 30. Ra6 Qb4 31. Bd2 Qc5 32. Be3 Qb4 33. Bd2 Qc5 34.
Be3 Qb4 35. Rc6 Qb2+ 36. Rc2 Qb1 37. Rc3 Qb2+ 38. Qc2 Qb5 39. Qd3 Qb2+ 40. Qc2
Qb5 41. Bf2 Ra8 42. Rxc7 Ra1 43. Qc4 Qb1 44. Qe2 Ra2 45. Qf3 Ra1 46. Kh3 Ra8
47. Bc5 Rg8 48. Bf8 Qb8 49. Bd6 Qe8 50. Qf6 Qc8+ 51. Rxc8 Bxf6 52. Rc7+ Rg7 53.
g4 hxg4+ 54. Kxg4 Kg8 55. Rc8+ Kh7 56. Rf8 Be7 57. Bxe7 Rxe7 58. Rf6 1-0

[Event "Senior DM 2018"]
[Site "Hvidovre"]
[Date "2018.02.17"]
[Round "3"]
[White "Schultz Pedersen, Jesper"]
[Black "Lilja, Richard"]
[Result "1/2-1/2"]
[WhiteElo "2068"]
[BlackElo "2086"]
[PlyCount "61"]
[EventDate "2018.02.12"]
[EventCountry "DEN"]

1. e4 c5 2. Nc3 e6 3. f4 d5 4. Nf3 dxe4 5. Ne5 Nf6 6. Bb5+ Nbd7 7. Qe2 a6 8.
Bxd7+ Bxd7 9. Nxe4 Be7 10. b3 O-O 11. Bb2 Be8 12. Nxf6+ Bxf6 13. O-O b5 14. f5
exf5 15. Rxf5 Bd7 16. Nc6 Bxb2 17. Nxd8 Bxa1 18. Rxf7 Bd4+ 19. Kh1 Raxd8 20.
Rxf8+ Rxf8 21. h4 Re8 22. Qf3 b4 23. c3 bxc3 24. dxc3 Re1+ 25. Kh2 Bg1+ 26. Kh1
Bf2+ 27. Kh2 Bxh4 28. Qa8+ Kf7 29. Qd5+ Re6 30. Qxd7+ Be7 31. Qd5 1/2-1/2

[Event "Senior DM 2018"]
[Site "Hvidovre"]
[Date "2018.02.17"]
[Round "3"]
[White "Hansen, Lars Henrik Bech"]
[Black "Johansen, Johnny Holler"]
[Result "1/2-1/2"]
[WhiteElo "1972"]
[BlackElo "1904"]
[PlyCount "29"]
[EventDate "2018.02.12"]
[EventCountry "DEN"]

1. e4 c5 2. Nc3 Nc6 3. f4 d6 4. Nf3 g6 5. Bc4 Bg7 6. O-O e6 7. d3 Nge7 8. Qe1
O-O 9. Qh4 d5 10. Bb3 f5 11. e5 Rb8 12. Ne2 b5 13. c3 Bd7 14. Bc2 b4 15. d4
1/2-1/2

[Event "Senior DM 2018"]
[Site "Hvidovre"]
[Date "2018.02.17"]
[Round "3"]
[White "Baliuniene, Margarita"]
[Black "Morkore, Thomas"]
[Result "1-0"]
[WhiteElo "1881"]
[BlackElo "1910"]
[PlyCount "53"]
[EventDate "2018.02.12"]
[EventCountry "DEN"]

1. d4 d5 2. Nf3 Nf6 3. c4 e6 4. e3 a6 5. b3 c5 6. cxd5 Nxd5 7. Bb2 Be7 8. Nbd2
O-O 9. Bd3 Nc6 10. dxc5 Nxe3 11. Bxh7+ Kxh7 12. fxe3 Qd3 13. Kf2 Bxc5 14. Nc4
Qf5 15. g4 Qg6 16. h4 f6 17. g5 b5 18. h5 Qe4 19. h6 e5 20. hxg7+ Kxg7 21. Rh4
Bg4 22. Rxg4 Qxg4 23. Qd5 Nd4 24. gxf6+ Rxf6 25. Ncxe5 Qh4+ 26. Kg2 Rg8 27.
Nxh4 1-0

[Event "Senior DM 2018"]
[Site "Hvidovre"]
[Date "2018.02.17"]
[Round "3"]
[White "Kopperberg, Steen"]
[Black "Rosenberg, Jan"]
[Result "1/2-1/2"]
[WhiteElo "1874"]
[BlackElo "1852"]
[PlyCount "28"]
[EventDate "2018.02.12"]
[EventCountry "DEN"]

1. d4 Nf6 2. Nf3 g6 3. c3 Bg7 4. Bf4 O-O 5. e3 d6 6. Nbd2 Nbd7 7. Qc2 a6 8. Bd3
Re8 9. O-O c5 10. Rac1 b5 11. e4 Bb7 12. Be3 Rc8 13. Qb1 c4 14. Be2 e5 1/2-1/2

[Event "Senior DM 2018"]
[Site "Hvidovre"]
[Date "2018.02.17"]
[Round "3"]
[White "Matras, Ove"]
[Black "Jorgensen, Orla Eilegaard"]
[Result "1-0"]
[WhiteElo "1781"]
[BlackElo "1580"]
[PlyCount "71"]
[EventDate "2018.02.12"]
[EventCountry "DEN"]

1. e4 Nc6 2. d4 d5 3. e5 Bf5 4. c3 e6 5. Nf3 f6 6. Bb5 a6 7. Ba4 b5 8. Bc2 Bg4
9. h3 Bxf3 10. Qxf3 fxe5 11. Qh5+ Kd7 12. dxe5 Nge7 13. b4 g6 14. Qe2 Bg7 15.
f4 Nf5 16. Bxf5 Qh4+ 17. Qf2 Qxf2+ 18. Kxf2 gxf5 19. Be3 Rag8 20. Nd2 h5 21. a4
Ra8 22. Nb3 Bf8 23. axb5 Nb8 24. Nc5+ Bxc5 25. bxc5 a5 26. Ra4 c6 27. b6 h4 28.
Rha1 Rg8 29. Rxa5 Rxa5 30. Rxa5 Kc8 31. Ra7 Nd7 32. Rc7+ Kd8 33. Rxc6 Rg6 34.
Rd6 Kc8 35. b7+ Kxb7 36. c6+ 1-0

[Event "Senior DM 2018"]
[Site "Hvidovre"]
[Date "2018.02.17"]
[Round "3"]
[White "Grafmoller, Torben"]
[Black "Hein, Jacob"]
[Result "1-0"]
[WhiteElo "1883"]
[BlackElo "1447"]
[PlyCount "117"]
[EventDate "2018.02.12"]
[EventCountry "DEN"]

1. Nf3 d5 2. g3 Bd7 3. Bg2 Qc8 4. O-O c6 5. d3 Bg4 6. e4 d4 7. c3 h5 8. h4 e5
9. Qb3 Be6 10. Qc2 Bd6 11. Nbd2 Nf6 12. cxd4 exd4 13. e5 Be7 14. exf6 gxf6 15.
Nxd4 Bh3 16. Re1 Bxg2 17. Kxg2 Kf8 18. N2f3 Qg4 19. Qe2 Qd7 20. Qe4 Na6 21. Qf5
Qd6 22. Bf4 Qd5 23. Qxd5 cxd5 24. Nf5 Bb4 25. Re2 Rd8 26. Rc1 Nc5 27. Bd2 Nxd3
28. Bxb4+ Nxb4 29. a3 Nc6 30. Rd1 Rg8 31. Red2 Ne7 32. Nxe7 Kxe7 33. Rxd5 Rxd5
34. Rxd5 Rc8 35. Rxh5 a6 36. Rd5 Rc2 37. Rd2 Rc5 38. Re2+ Kd6 39. Nh2 Rc4 40.
f3 f5 41. h5 Rc8 42. Kh3 Rh8 43. Kh4 f6 44. g4 fxg4 45. fxg4 a5 46. Nf3 b5 47.
Nd2 Kd5 48. Nb3 Ra8 49. h6 a4 50. Nd2 Rg8 51. Nf3 Rg6 52. Kh5 Rg8 53. h7 Rh8
54. Kh6 Kc4 55. Kg7 Kd3 56. Rh2 Rxh7+ 57. Rxh7 Kc2 58. Rh2+ Kb3 59. Kxf6 1-0

[Event "Senior DM 2018"]
[Site "Hvidovre"]
[Date "2018.02.17"]
[Round "4"]
[White "Stentebjerg Hansen, Per"]
[Black "Schultz Pedersen, Jesper"]
[Result "1-0"]
[WhiteElo "2261"]
[BlackElo "2068"]
[PlyCount "101"]
[EventDate "2018.02.12"]
[EventCountry "DEN"]

1. d4 Nc6 2. Nf3 d5 3. Bf4 Bg4 4. Nbd2 e6 5. c3 Bd6 6. Bg3 Nge7 7. e3 O-O 8.
Qc2 Bf5 9. Qb3 Rb8 10. Be2 Ng6 11. O-O Qe7 12. Ne1 Bxg3 13. hxg3 Nh8 14. Nef3
Bg4 15. Bd3 Bxf3 16. gxf3 Rfd8 17. Qc2 g6 18. e4 f5 19. Rae1 Qf6 20. Re2 Nf7
21. Kg2 Rf8 22. exd5 exd5 23. f4 Rbe8 24. Qb3 Qd6 25. Rfe1 Rxe2 26. Rxe2 Ncd8
27. Nf3 Kg7 28. Ne5 c6 29. Qd1 Nxe5 30. dxe5 Qd7 31. Qa4 b5 32. Qb4 Ne6 33. a4
a6 34. axb5 axb5 35. Qa3 Kf7 36. Re1 Rc8 37. Ra1 Qe7 38. Qa6 Rc7 39. Qb6 Nc5
40. Bc2 Ne6 41. Ra8 Kg7 42. b4 Qd7 43. Qb8 Qe7 44. Qg8+ Kh6 45. Re8 Nxf4+ 46.
gxf4 Qh4 47. Qf8+ Rg7 48. Qc5 g5 49. Re6+ Kh5 50. Bd1+ g4 51. Qe3 1-0

[Event "Senior DM 2018"]
[Site "Hvidovre"]
[Date "2018.02.17"]
[Round "4"]
[White "Lilja, Richard"]
[Black "Baliuniene, Margarita"]
[Result "1-0"]
[WhiteElo "2086"]
[BlackElo "1881"]
[PlyCount "83"]
[EventDate "2018.02.12"]
[EventCountry "DEN"]

1. e4 c5 2. Nc3 g6 3. f4 Bg7 4. Nf3 a6 5. Be2 e6 6. O-O Ne7 7. d3 O-O 8. Qe1 d5
9. Kh1 Nbc6 10. Qh4 f5 11. Qf2 Nd4 12. Bd1 b5 13. exd5 exd5 14. Nxd4 Bxd4 15.
Be3 Bxe3 16. Qxe3 d4 17. Qf3 Rb8 18. Nb1 Nd5 19. Qg3 Ne3 20. Rg1 Bb7 21. Nd2
Re8 22. Nf3 Nxd1 23. Raxd1 Re2 24. Rde1 Rxc2 25. Re5 Qf6 26. Rge1 Rf8 27. Re6
Qf7 28. Re7 Qd5 29. Qh4 Rf7 30. Rxf7 Qxf7 31. Qd8+ Qf8 32. Re8 Rc1+ 33. Ng1
Qxe8 34. Qxe8+ Kg7 35. Qe7+ Kh6 36. Qxb7 c4 37. dxc4 bxc4 38. Qb4 d3 39. h3 Rc2
40. Nf3 c3 41. bxc3 d2 42. Nxd2 1-0

[Event "Senior DM 2018"]
[Site "Hvidovre"]
[Date "2018.02.17"]
[Round "4"]
[White "Hald, Jens Erik Kofoed"]
[Black "Hansen, Lars Henrik Bech"]
[Result "1/2-1/2"]
[WhiteElo "1983"]
[BlackElo "1972"]
[PlyCount "50"]
[EventDate "2018.02.12"]
[EventCountry "DEN"]

1. e4 d6 2. Bc4 Nf6 3. d3 d5 4. exd5 Nxd5 5. Bg5 c6 6. Nc3 Nxc3 7. bxc3 Qa5 8.
Qd2 Qe5+ 9. Ne2 Bg4 10. d4 Qa5 11. O-O Nd7 12. Rfe1 e6 13. h3 Bf5 14. Nf4 Nf6
15. Bxf6 gxf6 16. g4 Bh6 17. Qe3 Rg8 18. Qf3 Bxg4 19. hxg4 Qf5 20. Rxe6+ Kd8
21. Rd6+ Kc8 22. Rd8+ Kxd8 23. Ne6+ fxe6 24. Qxf5 exf5 25. Bxg8 fxg4 1/2-1/2

[Event "Senior DM 2018"]
[Site "Hvidovre"]
[Date "2018.02.17"]
[Round "4"]
[White "Rosenberg, Jan"]
[Black "Matras, Ove"]
[Result "0-1"]
[WhiteElo "1852"]
[BlackElo "1781"]
[PlyCount "118"]
[EventDate "2018.02.12"]
[EventCountry "DEN"]

1. d4 Nf6 2. Nf3 d5 3. Bf4 Bg4 4. Nbd2 Nbd7 5. c3 c6 6. h3 Bh5 7. Qb3 Qb6 8. e3
e6 9. Bd3 c5 10. Bb5 a6 11. Ba4 Qxb3 12. axb3 Rc8 13. dxc5 Bxc5 14. b4 Bb6 15.
Ne5 Ke7 16. Nxd7 Nxd7 17. Bc2 f6 18. Nb3 g5 19. Bg3 e5 20. Bf5 Bg6 21. Bxd7
Kxd7 22. Kd2 Ke6 23. Rhe1 Rhd8 24. Ke2 Bc2 25. Nc1 d4 26. exd4 Kf5 27. dxe5
fxe5 28. Kf1 e4 29. Ne2 Rd2 30. Nd4+ Bxd4 31. cxd4 Rxd4 32. Ra5+ Kg6 33. Kg1
Rxb4 34. Be5 Rbc4 35. g4 R8c5 36. Rxc5 Rxc5 37. Bc3 Rc4 38. Ra1 Rc6 39. Rc1 Bd3
40. Rd1 Re6 41. f3 Be2 42. Rd7 Bxf3 43. Rg7+ Kh6 44. Rxb7 e3 45. Rf7 Be4 46.
Rd7 e2 47. Kf2 Bc6 48. Rd8 Bb5 49. Rd5 Kg6 50. Ke1 Re3 51. Bd2 Rxh3 52. Rxg5+
Kf6 53. Rf5+ Ke6 54. Rf4 Rh1+ 55. Kf2 Rf1+ 56. Kg3 e1=Q+ 57. Bxe1 Rxe1 58. Rf8
Ke7 59. Rf2 Re2 0-1

[Event "Senior DM 2018"]
[Site "Hvidovre"]
[Date "2018.02.17"]
[Round "4"]
[White "Johansen, Johnny Holler"]
[Black "Grafmoller, Torben"]
[Result "1-0"]
[WhiteElo "1904"]
[BlackElo "1883"]
[PlyCount "81"]
[EventDate "2018.02.12"]
[EventCountry "DEN"]

1. e4 d5 2. exd5 Nf6 3. d4 Nxd5 4. Nf3 Bg4 5. Be2 Nc6 6. O-O e6 7. c4 Nb6 8.
Be3 Be7 9. Nc3 O-O 10. b3 Bf5 11. a3 Bf6 12. Rc1 Ne7 13. Qd2 c6 14. Rfd1 Ng6
15. Ng5 e5 16. Nge4 exd4 17. Nxf6+ Qxf6 18. Bxd4 Qh4 19. Qe3 Rfe8 20. Qf3 Be4
21. Nxe4 Qxe4 22. Qxe4 Rxe4 23. Bf3 Ree8 24. a4 Rad8 25. a5 Nc8 26. a6 bxa6 27.
Bxc6 Re6 28. Bf3 Red6 29. Bd5 Nf4 30. Bc5 Ne2+ 31. Kf1 Nxc1 32. Bxd6 Nxb3 33.
Bb4 Kh8 34. c5 a5 35. Ba3 a4 36. c6 Na5 37. c7 Rd7 38. Re1 h6 39. Re8+ Kh7 40.
Be4+ g6 41. Rxc8 1-0

[Event "Senior DM 2018"]
[Site "Hvidovre"]
[Date "2018.02.17"]
[Round "4"]
[White "Morkore, Thomas"]
[Black "Kopperberg, Steen"]
[Result "1-0"]
[WhiteElo "1910"]
[BlackElo "1874"]
[PlyCount "129"]
[EventDate "2018.02.12"]
[EventCountry "DEN"]

1. Nf3 d5 2. d4 Nf6 3. c4 c6 4. e3 e6 5. Nbd2 Nbd7 6. b3 Bb4 7. Bb2 O-O 8. a3
Ba5 9. b4 Bc7 10. Bd3 Re8 11. Ne5 Nxe5 12. dxe5 Nd7 13. Nf3 dxc4 14. Bxc4 Qe7
15. O-O a5 16. Qb3 b5 17. Be2 axb4 18. axb4 Bb7 19. Qc3 Nb6 20. Qc5 Qxc5 21.
bxc5 Nd5 22. Nd2 b4 23. Ne4 Rxa1 24. Rxa1 Ra8 25. Rxa8+ Bxa8 26. Ba6 Kf8 27.
Kf1 Ke7 28. Ke2 f6 29. exf6+ gxf6 30. Bc8 e5 31. Kd3 h5 32. Ng3 Kd8 33. Ba6 h4
34. Nf5 e4+ 35. Kxe4 Bxh2 36. Nxh4 Bb8 37. Nf5 Ba7 38. Kd4 Nc7 39. Bc4 Bb7 40.
g4 Kd7 41. Ng3 Ba6 42. Bxa6 Nxa6 43. Ne4 Ke6 44. f4 f5 45. Ng5+ Kf6 46. Kc4+
Kg6 47. gxf5+ Kxf5 48. Bd4 b3 49. Nf3 b2 50. Nd2 Kg4 51. Bxb2 Bxc5 52. Bd4 Be7
53. Nb3 Kf5 54. Bb6 Nb8 55. Nc5 Bd6 56. Ba7 Bc7 57. Kd3 Kf6 58. Ke4 Ke7 59. Kf5
Nd7 60. Nxd7 Kxd7 61. Bc5 Ke8 62. Kg6 Bd8 63. f5 Be7 64. Bxe7 Kxe7 65. Kg7 1-0

[Event "Senior DM 2018"]
[Site "Hvidovre"]
[Date "2018.02.17"]
[Round "4"]
[White "Hein, Jacob"]
[Black "Jorgensen, Orla Eilegaard"]
[Result "0-1"]
[WhiteElo "1447"]
[BlackElo "1580"]
[PlyCount "44"]
[EventDate "2018.02.12"]
[EventCountry "DEN"]

1. c4 Nf6 2. d4 c6 3. Nc3 d5 4. Bg5 e6 5. e3 Nbd7 6. c5 a5 7. Nf3 Be7 8. Bd3 b6
9. cxb6 Qxb6 10. a3 h6 11. Na4 Qa7 12. Bf4 c5 13. Ne5 cxd4 14. Nc6 Qb7 15. Nxe7
dxe3 16. Ng6 exf2+ 17. Kf1 fxg6 18. Bxg6+ Ke7 19. Rc1 Qa7 20. Rc7 Ba6+ 21. Bd3
Qd4 22. Rxd7+ Nxd7 0-1